A pedagogia e o ideal republicano em João de Barros (Registo nº 199635)

Detalhes MARC
000 -Etiqueta do registo
Valores 00780nam 22002173 4500
021 ## - Número do Depósito Legal
Código do país Portugal
100 ## - Dados gerais de processamento
Dados gerais 20251218d u||y0pory50 ba
200 ## - Titulo e menção de responsabilidade
Título próprio A pedagogia e o ideal republicano em João de Barros
Primeira menção de responsabilidade selecção de textos de Maria Alice Reis
Outras menções de responsabilidade nota introdução de Joaquim Romero Magalhães
210 ## - Publicação
Local de publicação Lisboa
Nome do editor Terra Livre
Data de publicação 1979
215 ## - Descrição física 
Paginação / Volumes 63, [1] p.
Outras indicações físicas brochado
Dimensões 21 cm
225 ## - Colecção 
Título próprio da colecção Portugal ontem, Portugal hoje
606 ## - Nome comum usado como assunto
ID Autoridade 5170
Palavra de ordem Ciências Sociais Educação
610 ## - Termos não controlados
Palavra de ordem Teoria e política da educação--séc. 19--[Portugal]
675 ## - CDU
Notação 37.01/.02(469)"19"
Edição PT
Língua por
700 ## - Autor principal (pessoa individual)
ID Autoridade 15442
Apelido Reis
Nome Maria Alice
701 ## - Co-autor principal (pessoa individual)
ID Autoridade 6544
Apelido Magalhães
Nome Joaquim Romero
Datas 1942-2018
801 ## - Fonte de origem
País PT
Agência BMMN
Regras de catalogação RPC
830 ## - Notas gerais do catalogador
Criado por Ana
Indexado por Ana
990 ## - Elementos KOHA
Tipo de documento Livro
Exemplares
Situação do levantamento Biblioteca de origem Código de barras Cota Permissão de empréstimo Tipo de documento Forma de aquisição
  Biblioteca Municipal de Montemor-o-Novo 28565 37 REI|DEP   Livro Compra

Powered by Koha